Diccionario del derecho civil aragonés (Record no. 48776)

MARC details
000 -LEADER
campo de control de longitud fija 00595nam a22001815i 4500
001 - NÚMERO DE CONTROL
campo de control 48776
003 - IDENTIFICADOR DE NÚMERO DE CONTROL
campo de control ES-MaACL
005 - FECHA Y HORA DE LA ÚLTIMA TRANSACCIÓN
campo de control 20230906161822.0
007 - CAMPO FIJO DE DESCRIPCIÓN FÍSICA--INFORMACIÓN GENERAL
campo de control de longitud fija t|
008 - DATOS DE LONGITUD FIJA--INFORMACIÓN GENERAL
campo de control de longitud fija 940202s1869 sp ||||1| spa d
040 ## - FUENTE DE CATALOGACIÓN
Centro catalogador/agencia de origen AR
Lengua de catalogación spa
100 1# - ENTRADA PRINCIPAL--NOMBRE DE PERSONA
Nombre de persona Dieste y Jiménez, Manuel.
9 (RLIN) 44616
245 10 - MENCIÓN DEL TÍTULO
Título Diccionario del derecho civil aragonés
Resto del título : (precedido de una introduccion histórica) /
Mención de responsabilidad, etc. por D. Manuel Dieste y Jimenez.
260 ## - PUBLICACIÓN, DISTRIBUCIÓN, ETC.
Lugar de publicación, distribución, etc. Madrid :
Nombre del editor, distribuidor, etc. [s.n.],
Fecha de publicación, distribución, etc. 1869 (
Fabricante Imp. de Manuel Minuesa)
300 ## - DESCRIPCIÓN FÍSICA
Extensión CVI, 679 p. ;
Dimensiones 28 cm.
650 #4 - PUNTO DE ACCESO ADICIONAL DE MATERIA--TÉRMINO DE MATERIA
Término de materia o nombre geográfico como elemento de entrada Derecho civil-
Subdivisión geográfica Aragón.
9 (RLIN) 147647
852 ## - LOCALIZACIÓN
Ubicación ES-MaACL
Número de control de estantería C-2096
Holdings
Estatus retirado Estado de pérdida Estado de daño No para préstamo Colección Biblioteca de origen Biblioteca actual Ubicación en estantería Fecha de adquisición Fuente de adquisición Total de préstamos Signatura topográfica completa Código de barras Visto por última vez Precio de reemplazo Tipo de ítem Koha
        Colección de referencia Biblioteca del Ateneo de Madrid Biblioteca del Ateneo de Madrid Sala Palomar 17/01/2008     C-2096 1051330 23/02/2023 23/02/2023 Libro impreso antiguo